Statistiche per Città vincitrici UEFA Champions League

Clicka qui per fare il quiz!

Statistiche generali

  • Questo quiz è stato fatto 97 volte
  • Il punteggio medio è 18 su 21

Statistiche sulle risposte

NazioneVittorieNumeri di vincitoriCittà% Corretto
Spagna141Madrid
100%
Italia102Milano
100%
Paesi Bassi41Amsterdam
98%
Portogallo21Lisbona
98%
Inghilterra42Manchester
98%
Spagna51Barcellona
97%
Inghilterra61Liverpool
95%
Italia21Torino
95%
Portogallo21Porto
94%
Inghilterra21Londra
93%
Germania61Monaco di Baviera
92%
Francia11Marsiglia
89%
Serbia11Belgrado
87%
Romania11Bucarest
86%
Germania11Dortmund
86%
Scozia11Glasgow
86%
Inghilterra21Nottingham
85%
Germania11Amburgo
72%
Paesi Bassi11Rotterdam
70%
Paesi Bassi11Eindhoven
62%
Inghilterra11Birmingham
43%

Distribuzione punteggi

Percentile per numero di risposta

Percentuale di utenti per punteggio

I tuoi punteggi nel tempo

Non hai fatto questo quiz